| 000 | 00499nam a2200205Ia 4500 | ||
|---|---|---|---|
| 003 | OSt | ||
| 005 | 20140414095705.0 | ||
| 008 | 140130s9999 xx 000 0 und d | ||
| 020 | _a0590224999 | ||
| 050 |
_aPZ 7 _b.B1688Wj 1995 |
||
| 100 | _aBaker, Alan | ||
| 245 |
_aWhite Rabbit's Color Book / _cAlan Baker. |
||
| 260 |
_bScholastic, _c1995. _aNew York : |
||
| 300 |
_a24 p. : _bcol. ill. ; _c18 cm. |
||
| 440 | _v1 | ||
| 521 | _aBR | ||
| 526 | _c190 | ||
| 942 |
_cBK _2lcc |
||
| 999 |
_c39942 _d39942 |
||